[Event "Supreme Masters 2013"]
[Site "Sandnes NOR"]
[Date "2013.05.17"]
[Round "8.5"]
[White "Topalov, Veselin"]
[Black "Aronian, Levon"]
[Result "1/2-1/2"]
[WhiteTitle "GM"]
[BlackTitle "GM"]
[WhiteElo "2793"]
[BlackElo "2813"]
[WhiteFideId "2900084"]
[BlackFideId "13300474"]
[EventDate "2013.05.08"]

1. d4 Nf6 2. c4 e6 3. Nc3 Bb4 4. e3 O-O 5. Bd3 d5 6. Nf3 c5 7. O-O cxd4 8. exd4
dxc4 9. Bxc4 b6 10. Qe2 Bb7 11. Rd1 Nbd7 12. d5 Bxc3 13. dxe6 Bxf3 14. gxf3 fxe6
15. bxc3 Qc7 16. Bxe6+ Kh8 17. Qc4 Qb7 18. Bxd7 Nxd7 19. Qd5 Qxd5 20. Rxd5 Nc5
21. Be3 Rxf3 22. Re1 Ne6 23. a4 Rf7 24. a5 h6 25. axb6 axb6 26. Bxb6 Nf4 27. Ra5
Rb8 28. Bd4 Rb2 29. Ra7 Rxa7 30. Bxa7 Rc2 31. Bd4 Kh7 32. h4 g5 33. hxg5 hxg5
34. Re5 Kg6 35. Kh2 Nd3 36. Re6+ Kf5 37. Re8 Kg4 38. Re4+ Nf4 39. Re1 Ne2 40.
Kg2 Nxc3 41. Bxc3 Rxc3 1/2-1/2

[Event "Supreme Masters 2013"]
[Site "Sandnes NOR"]
[Date "2013.05.18"]
[Round "9.2"]
[White "Aronian, Levon"]
[Black "Carlsen, Magnus"]
[Result "1/2-1/2"]
[WhiteTitle "GM"]
[BlackTitle "GM"]
[WhiteElo "2813"]
[BlackElo "2868"]
[WhiteFideId "13300474"]
[BlackFideId "1503014"]
[EventDate "2013.05.08"]

1. d4 Nf6 2. c4 e6 3. Nf3 d5 4. Nc3 Nbd7 5. Bg5 Be7 6. e3 O-O 7. Rc1 a6 8. Qc2
dxc4 9. Bxc4 c5 10. Be2 b5 11. a4 b4 12. Ne4 cxd4 13. Nxf6+ Nxf6 14. Nxd4 Bb7
15. Nc6 Bxc6 16. Qxc6 Rc8 17. Qxc8 Qxc8 18. Rxc8 Rxc8 19. O-O a5 20. b3 Kf8 21.
Bxf6 Bxf6 22. Rd1 Rc3 23. Bc4 h5 24. Kf1 Ke7 25. Ke2 Be5 26. h3 h4 27. Rd3 Rc2+
28. Rd2 Rc3 29. Rd3 Rc2+ 30. Rd2 Rc3 1/2-1/2

[Event "Supreme Masters 2013"]
[Site "Sandnes NOR"]
[Date "2013.05.18"]
[Round "9.3"]
[White "Karjakin, Sergey"]
[Black "Topalov, Veselin"]
[Result "1/2-1/2"]
[WhiteTitle "GM"]
[BlackTitle "GM"]
[WhiteElo "2767"]
[BlackElo "2793"]
[WhiteFideId "14109603"]
[BlackFideId "2900084"]
[EventDate "2013.05.08"]

1. e4 c5 2. Nf3 d6 3. d4 cxd4 4. Nxd4 Nf6 5. Nc3 a6 6. Bg5 e6 7. f4 Qc7 8. Bxf6
gxf6 9. Qd2 b5 10. a3 Bb7 11. Be2 h5 12. O-O-O Nd7 13. Kb1 Nb6 14. f5 e5 15. Nb3
Rc8 16. Nd5 Bxd5 17. exd5 Bh6 18. Qd3 Nc4 19. Bf3 h4 20. Rhe1 Kf8 21. Re4 Bg5
22. c3 Qb6 23. Na1 Kg7 24. Nc2 a5 25. Ka2 Rc7 26. Rg4 Kf8 27. Qe2 Qc5 28. Be4
Nb6 29. Kb1 Rg8 30. Qe1 Ke7 31. Qe2 Kd7 32. Bd3 Nc4 33. Bxc4 bxc4 34. Ne3 Rb8
35. Nxc4 a4 36. Qc2 Rb3 37. Ka1 Qb5 38. Qe2 Rc5 39. Re4 Ke7 40. Qd3 Qb7 41. Rg4
Qb5 42. Re4 Kd7 43. Qe2 Kc7 44. Qd3 Qb7 45. Rg4 Rbb5 46. Qc2 Qa8 47. Nd2 Ra5 48.
Nc4 Rab5 49. Nd2 Ra5 50. Nc4 Rab5 1/2-1/2